Poorly Drawn Country Flags - Statistics

General Stats
  • This quiz has been taken 31 times
  • The average score is 9 of 10
Answer Stats
Picture Answer % Correct
Germany
100%
United States of America
100%
Finland
93%
Jamaica
93%
Saudi Arabia
85%
Czech Republic
81%
Pakistan
81%
Cambodia
78%
Bhutan
74%
Bahrain
70%
No matching quizzes found
Score Distribution
Percent of People with Each Score
Percentile by Number Answered
Your Score History
You have not taken this quiz